| 000 | 00000nam##2200000za#4500 |
| 001 | 9.680407 |
| 003 | CaOODSP |
| 005 | 20200330063853 |
| 007 | ta |
| 008 | 150407|1998||||xxc||||| f|0| 0 fre|d |
| 020 | |a0-662-82832-1 |
| 040 | |aCaOODSP|bfre |
| 043 | |an-cn--- |
| 086 | 1 |aSW21-30/1998F |
| 110 | 1 |aCanada. |bCondition féminine Canada. |
| 245 | 13|aLa médiation familiale au Canada: ses implications pour l'égalité des femmes : |bune étude de la littérature et une analyse des données de quatre programmes de médiation canadiens subventionnés / |cPublié conjointement par Sandra A. Goundry et al. et l'Association nationalede la femme et du droit (ANFD). |
| 260 | |aOttawa - Ontario : |bCondition féminine Canada |c1998. |
| 300 | |a198p. : |btableaux ; |c28 cm. |
| 500 | |aDonnées de catalogage avant publication (Canada) imprimées dans cette publication. N.B.: Le numéro de catalogue (SW21-30/1998) imprimé dans cette publication est incorrect. |
| 504 | |aBibliographie. |
| 563 | |aCouverture souple |
| 590 | |a98-27|b1998-07-03 |
| 691 | 07|aCondition de la femme|2gcpds |
| 691 | 07|aDroit de la famille|2gcpds |
| 691 | 07|aÉgalité des sexes|2gcpds |
| 691 | 07|aEntrevue|2gcpds |
| 691 | 07|aMédiation|2gcpds |
| 691 | 07|aTendances|2gcpds |
| 720 | 1 |aGoundry, Sandra A. |
| 775 | 08|tFamily mediation in Canada implications for women's equality : |w(CaOODSP)9.646916 |
| 776 | 0#|tLa médiation familiale au Canada : ses implications pour l'égalité des femmes : |w(CaOODSP)9.632886 |